Statistics for General Knowledge Quiz #212

Click here to take the quiz!

General Stats

  • This quiz has been taken 25,156 times
  • The average score is 13 of 20

Answer Stats

QuestionAnswer% Correct
What billionaire has stated his intention to colonize Mars?Elon Musk
93%
How many women competed in the first modern Olympic Games in 1896?None
88%
What timeless tale of romance is about two 13-year olds who knew each other for
four days when they committed suicide due to not being allowed to be together?
Romeo and Juliet
88%
What is either a punctuation mark or a part of the digestive system?Colon
80%
This font has been called the most hated of all time. What is it?{Comic} Sans
80%
What country is led by an ayatollah?Iran
80%
What type of animal was subject of the book "Black Beauty"?Horse
78%
What does the German word "Wunderbar" mean?Wonderful
78%
What language is also known as Castilian?Spanish
76%
What plant is sauerkraut made from?Cabbage
71%
Somalia is east. Senegal is west. Tunisia is north. What is south?South Africa
66%
Which one of the Spice Girls often has red hair?Geri Halliwell,
aka Ginger Spice
64%
What was the first name of the mother of Queen Elizabeth II,
who died in 2002 at the age of 101?
Elizabeth
60%
What oath was definitely NOT followed by Dr. Joseph Mengele?Hippocratic Oath
59%
What Disney animated movie, filmed in 1967, is set in India?The Jungle Book
59%
What island chain off the coast of Africa did Columbus stop in on his way
to the New World in 1492?
Canary Islands
54%
What medieval torture device was used to stretch its victims?The Rack
45%
Who said "From each according to his abilities, to each according to his needs"?Karl Marx
36%
What country was the subject of Lee Kuan Yew's book "From Third World to First"?Singapore
34%
What city's name is French for "strait", as it was founded along a river which connects
Lake Erie to three of the other Great Lakes?
Detroit
29%

Score Distribution

Percentile by Number Answered

Percent of People with Each Score

Your Score History

You have not taken this quiz